000 00452nam a22001577a 4500
003 SGT
020 _a9788121904650
082 _a530,ARO
100 _aARORA,C.L.
245 _aREFRESHER COURSE IN PHYSICS -1
260 _aNEW DELHI
_bS.CHAND
_c2014
300 _a535
650 _aPHYSICS
653 _aSECTION 1:MECHANICS AND PROPERTIES OF MATTER SECTION 2:WAVES, VIBRATION AND E.M. THEORY SECTION 3: ELECTRICITY AND MAGNETISM
942 _2ddc
_cFPS
_01
999 _c9353
_d9353